[Event "FSGM October"]
[Site "Budapest HUN"]
[Date "2005.??.??"]
[EventDate "?"]
[Round "10"]
[Result "1-0"]
[White "Iweta Radziewicz Rajlich"]
[Black "Andrei Murariu"]
[WhiteElo "2453"]
[BlackElo "2441"]
[PlyCount "83"]

1. d4 d5 2. c4 c6 3. Nc3 Nf6 4. e3 a6 5. Nf3 b5 6. b3 Bg4
7. Be2 e6 8. h3 Bxf3 9. Bxf3 Nbd7 10. O-O Be7 11. a4 b4
12. Ne2 a5 13. Bb2 O-O 14. Qc2 Rc8 15. c5 Qc7 16. Ng3 Rfe8
17. Be2 e5 18. dxe5 Nxe5 19. Bd4 Bf8 20. f4 Ned7 21. Bd3 h5
22. Rac1 g6 23. Bxg6 fxg6 24. Qxg6+ Bg7 25. Qg5 Rf8 26. Nf5
Rf7 27. Bxf6 Nxf6 28. Nxg7 Ne4 29. Ne6+ Nxg5 30. Nxc7 Nxh3+
31. gxh3 Rcxc7 32. Kg2 Kg7 33. Kf3 Kf6 34. Rg1 Rg7 35. h4 Kf5
36. Rg5+ Rxg5 37. fxg5 Re7 38. Rd1 Ke5 39. Rg1 Rg7 40. g6 Kf6
41. Kf4 Re7 42. g7 1-0

[Event "FSGM October"]
[Site "Budapest HUN"]
[Date "2005.??.??"]
[EventDate "?"]
[Round "11"]
[Result "1-0"]
[White "Imre Hera Jr"]
[Black "Iweta Radziewicz Rajlich"]
[WhiteElo "2380"]
[BlackElo "2453"]
[PlyCount "95"]

1. e4 e6 2. d3 c5 3. Nf3 Nc6 4. g3 Nge7 5. Bg2 g6 6. d4 cxd4
7. Nxd4 Bg7 8. Nxc6 bxc6 9. Qd6 Ba6 10. Qa3 Qb6 11. Nc3 Bd4
12. Nd1 c5 13. Bh6 Nc6 14. c3 Bf6 15. Ne3 Be7 16. c4 Rg8
17. h4 Bf6 18. Rb1 Bd4 19. O-O f6 20. Nc2 g5 21. e5 Bxe5
22. hxg5 fxg5 23. b4 Bb7 24. Rfe1 Qc7 25. Qf3 O-O-O 26. bxc5
Rg6 27. Qh5 Rdg8 28. Re3 Na5 29. Bxb7+ Nxb7 30. Qh1 d5
31. cxd5 exd5 32. Qxd5 Re8 33. Bf8 Rxf8 34. Qxe5 Qxe5 35. Rxe5
Rgf6 36. Nd4 Rxf2 37. Re7 Nd8 38. Nb5 Nb7 39. Nxa7+ Kb8
40. Nc6+ Kc8 41. Rbxb7 Rf1+ 42. Kg2 R8f2+ 43. Kh3 g4+ 44. Kxg4
h5+ 45. Kh4 Rf4+ 46. gxf4 Rxf4+ 47. Kg5 Rg4+ 48. Kh6 1-0

[Event "FSGM October"]
[Site "Budapest HUN"]
[Date "2005.??.??"]
[EventDate "?"]
[Round "13"]
[Result "1-0"]
[White "Iweta Radziewicz Rajlich"]
[Black "David Berczes"]
[WhiteElo "2453"]
[BlackElo "2475"]
[PlyCount "107"]

1. d4 Nf6 2. c4 e6 3. Nc3 Bb4 4. Qc2 c5 5. dxc5 a6 6. Bg5 Bxc5
7. e3 Be7 8. Nf3 d6 9. Be2 Nbd7 10. Nd4 Qc7 11. O-O O-O 12. a4
b6 13. a5 Bb7 14. Nb3 Rab8 15. axb6 Qxb6 16. Na5 Ba8 17. Rfb1
Qc5 18. Bf4 Rb4 19. Qd1 Ne5 20. Qd4 Qc7 21. Qd2 Rfb8 22. b3
Nfd7 23. Rc1 Nc5 24. Nb5 axb5 25. cxb5 R4xb5 26. Bxb5 Rxb5
27. Bxe5 dxe5 28. b4 Rb8 29. bxc5 Rd8 30. Qb4 Rb8 31. Qc3 h5
32. Rab1 Rd8 33. c6 Rd5 34. e4 Rd4 35. h3 Kh7 36. Nb7 Bg5
37. Rc2 Ra4 38. Qd3 Ra7 39. h4 Bxh4 40. Qh3 Be7 41. Qxh5+ Kg8
42. Qd1 g6 43. Rc4 Ra6 44. Qd7 Qxd7 45. cxd7 Bxb7 46. Rxb7 Rd6
47. Rcc7 Kg7 48. d8=Q Bxd8 49. Rxf7+ Kh6 50. Rbd7 Rxd7
51. Rxd7 Bf6 52. Rd6 Kg7 53. Rxe6 Kf7 54. Ra6 1-0

[Event "FSGM October"]
[Site "Budapest HUN"]
[Date "2005.10.09"]
[EventDate "?"]
[Round "9"]
[Result "1-0"]
[White "Peter Prohaszka"]
[Black "Iweta Radziewicz Rajlich"]
[WhiteElo "2336"]
[BlackElo "2453"]
[PlyCount "177"]

1. e4 c5 2. c4 Nc6 3. Nf3 d6 4. d4 Bg4 5. d5 Nd4 6. Qa4+ Bd7
7. Qd1 Nxf3+ 8. Qxf3 g6 9. Bd3 Bg7 10. O-O Nf6 11. h3 O-O
12. Nc3 e5 13. Bg5 h6 14. Bh4 g5 15. Bg3 g4 16. hxg4 Nxg4
17. Qe2 Qg5 18. Nd1 h5 19. f3 Nh6 20. Be1 f5 21. exf5 Bxf5
22. Bd2 Qg6 23. Be4 Bxe4 24. Qxe4 Qe8 25. Bxh6 Bxh6 26. g3 Rf6
27. Kg2 Qf7 28. Nf2 Rf8 29. Nh3 Qg7 30. Kh2 Kh8 31. Rf2 Bg5
32. Rg1 Qh6 33. Rgf1 Be3 34. Re2 Bg5 35. Kg2 Rg6 36. Kh2 h4
37. g4 Bf4+ 38. Kh1 Bg3 39. Kg2 Rg7 40. a3 a6 41. b4 Rc7
42. Rc2 Kg7 43. bxc5 Rxc5 44. Rb1 Rf7 45. Rb6 Rfc7 46. g5 Qh7
47. Rxd6 Qxe4 48. fxe4 b5 49. Rxa6 bxc4 50. Nf2 Rb7 51. Nd1
Rb3 52. Rc6 Ra5 53. R2xc4 Bf4 54. Nc3 Raxa3 55. d6 Rb2+
56. Kh3 Rd2 57. Kxh4 Ra1 58. Kg4 Rg1+ 59. Kf5 Rxg5+ 60. Ke6
Rg6+ 61. Kd7 Kh7 62. Nd5 Rg7+ 63. Kc8 Rg8+ 64. Kc7 Bg5 65. d7
Bd8+ 66. Kd6 Rg6+ 67. Kxe5 Rg7 68. Kd6 Rg6+ 69. Kc5 Rg7
70. Rd6 Re2 71. Kc6 Kg8 72. Nf4 Rb2 73. Ne6 Rb6+ 74. Kd5 Rg1
75. Rxb6 Bxb6 76. Rc8+ Kf7 77. d8=Q Rd1+ 78. Ke5 Bxd8
79. Nxd8+ Ke7 80. Nc6+ Kf7 81. Rc7+ Ke8 82. Ke6 Kf8 83. e5 Rd2
84. Rf7+ Ke8 85. Re7+ Kf8 86. Ra7 Rd1 87. Ra8+ Kg7 88. Ke7 Rb1
89. Rb8 1-0

[Event "FSGM November"]
[Site "Budapest HUN"]
[Date "2005.11.06"]
[EventDate "?"]
[Round "2"]
[Result "1-0"]
[White "Walter Wittmann"]
[Black "Iweta Radziewicz Rajlich"]
[WhiteElo "2376"]
[BlackElo "2453"]
[PlyCount "107"]

1. e4 e6 2. d4 d5 3. Nd2 c5 4. Ngf3 cxd4 5. exd5 Qxd5 6. Bc4
Qd6 7. O-O Nf6 8. Re1 Nc6 9. Ne4 Nxe4 10. Rxe4 Be7 11. Nxd4 e5
12. Bf4 exf4 13. Nxc6 Qxd1+ 14. Rxd1 bxc6 15. Rde1 Kf8
16. Rxe7 Be6 17. R1xe6 fxe6 18. Rxe6 Rd8 19. Kf1 c5 20. b3 Rc8
21. h4 g6 22. a4 Rc7 23. Rf6+ Kg7 24. Rxf4 Rd8 25. g3 Re7
26. Rf3 Rd1+ 27. Kg2 Rd2 28. Rc3 Re8 29. Kf1 Rd1+ 30. Kg2 Rd2
31. Kf1 h6 32. Bb5 Re5 33. Bd3 g5 34. hxg5 hxg5 35. a5 Kf6
36. g4 Ke6 37. a6 Rd1+ 38. Kg2 Kd6 39. Rc4 Ra1 40. f4 Rd5
41. Re4 gxf4 42. Rxf4 Rd4 43. Rxd4+ cxd4 44. g5 Ra5 45. g6
Rg5+ 46. Kf3 Ke5 47. b4 Rh5 48. b5 Rh8 49. Bc4 Kf6 50. Bd5 Rb8
51. Bb7 Rd8 52. Ke4 Rd6 53. Bd5 Ke7 54. g7 1-0

[Event "FSGM November"]
[Site "Budapest HUN"]
[Date "2005.11.07"]
[EventDate "?"]
[Round "3"]
[Result "1/2-1/2"]
[White "Iweta Radziewicz Rajlich"]
[Black "Irina Slavina Turova"]
[WhiteElo "2453"]
[BlackElo "2385"]
[PlyCount "73"]

1. d4 Nf6 2. c4 e6 3. Nc3 Bb4 4. Qc2 d5 5. cxd5 Qxd5 6. e3 c5
7. Nf3 Nbd7 8. a3 Bxc3+ 9. bxc3 b6 10. c4 Qd6 11. Bb2 Bb7
12. Bd3 O-O 13. d5 exd5 14. cxd5 c4 15. Bf5 Nc5 16. Rd1 Nd3+
17. Bxd3 cxd3 18. Qxd3 Nxd5 19. Nh4 Qe6 20. O-O f6 21. Rfe1
Qg4 22. g3 Rfe8 23. f3 Qe6 24. Nf5 Ne7 25. Nd4 Qa2 26. Qb5
Rad8 27. e4 Nc6 28. Nf5 Qe6 29. Bc3 Rxd1 30. Rxd1 Rd8 31. Rd5
Rxd5 32. Qxd5 Qxd5 33. exd5 Nb8 34. Kf2 g6 35. Ne3 Kf7 36. Ke2
Nd7 37. Bd4 1/2-1/2

[Event "FSGM November"]
[Site "Budapest HUN"]
[Date "2005.11.08"]
[EventDate "2005.11.05"]
[Round "4"]
[Result "1-0"]
[White "Zlatko Ilincic"]
[Black "Iweta Radziewicz Rajlich"]
[WhiteElo "2540"]
[BlackElo "2453"]
[PlyCount "135"]

1. d4 Nf6 2. c4 c5 3. d5 e6 4. Nc3 exd5 5. cxd5 d6 6. g3 Be7
7. Bg2 O-O 8. Nf3 Re8 9. O-O Bf8 10. Nd2 Na6 11. h3 Rb8 12. a4
Nb4 13. e4 b6 14. Nc4 a6 15. b3 b5 16. axb5 axb5 17. Ne3 g6
18. Bb2 Bg7 19. Qd2 c4 20. bxc4 bxc4 21. Ba3 Nd7 22. Rab1 Qa5
23. Nxc4 Qa6 24. Rxb4 Rxb4 25. Bxb4 Qxc4 26. Rb1 Nc5 27. Bf1
Nb3 28. Qa2 Qxb4 29. Rxb3 Qc5 30. Qa4 Kf8 31. Qc6 Qxc6
32. dxc6 Bxc3 33. Rxc3 Re5 34. f4 Ra5 35. Kf2 Ke7 36. Ke3 f6
37. Be2 Kd8 38. g4 Kc7 39. h4 h6 40. Bf3 Ra2 41. f5 g5
42. hxg5 hxg5 43. Rc1 Ra3+ 44. Kf2 Ra2+ 45. Kg3 Ba6 46. Rh1
Ra3 47. Rh7+ Kc8 48. Kf2 Ra2+ 49. Ke1 Ra1+ 50. Kd2 Ra2+
51. Kc1 Ra1+ 52. Kc2 Ra2+ 53. Kb3 Rf2 54. Bd1 Bb5 55. c7 Bd7
56. Kc3 Rf1 57. Bb3 Rc1+ 58. Kd4 Rxc7 59. Rf7 Rc1 60. Rxf6 Rg1
61. Rxd6 Rxg4 62. Ke5 Kc7 63. Bd5 Rg1 64. Rg6 g4 65. Rg7 Kd8
66. Kd6 Be8 67. Rg8 g3 68. f6 1-0

[Event "FSGM November"]
[Site "Budapest HUN"]
[Date "2005.11.10"]
[EventDate "?"]
[Round "6"]
[Result "0-1"]
[White "Iweta Radziewicz Rajlich"]
[Black "David Berczes"]
[WhiteElo "2453"]
[BlackElo "2475"]
[PlyCount "114"]

1. d4 Nf6 2. c4 e6 3. Nc3 Bb4 4. Qc2 c5 5. dxc5 a6 6. Nf3 Qc7
7. g3 Bxc5 8. Bf4 Qb6 9. O-O-O Qa7 10. Na4 Nc6 11. Nxc5 Qxc5
12. Be3 Qa5 13. Qb3 b5 14. c5 Ng4 15. Bg2 Nxe3 16. fxe3 b4
17. Qc4 Bb7 18. Kb1 Rc8 19. Rd6 Ne7 20. Rc1 Nf5 21. Rb6 Qxb6
22. cxb6 Rxc4 23. Rxc4 Nxe3 24. Rc7 Be4+ 25. Kc1 Ke7 26. Bh3
Bxf3 27. exf3 Rb8 28. Kd2 Nd5 29. Ra7 Rxb6 30. Bf1 Rd6
31. Rxa6 Rxa6 32. Bxa6 Kd6 33. Bb5 Nb6 34. Bd3 h6 35. Kc2 Kc5
36. Kb3 d5 37. a3 bxa3 38. bxa3 Nd7 39. Be2 Nb8 40. Bd1 Nc6
41. Kc3 e5 42. h3 f5 43. g4 g6 44. Kd3 Nd4 45. gxf5 gxf5
46. Kc3 e4 47. fxe4 dxe4 48. a4 f4 49. a5 f3 50. a6 f2 51. a7
Nb5+ 52. Kd2 Nxa7 53. Ke2 e3 54. h4 Nb5 55. Kf1 Kd4 56. h5 Nc3
57. Bf3 Ne4 0-1

[Event "FSGM November"]
[Site "Budapest HUN"]
[Date "2005.11.11"]
[EventDate "?"]
[Round "7"]
[Result "0-1"]
[White "Lajos Seres"]
[Black "Iweta Radziewicz Rajlich"]
[WhiteElo "2396"]
[BlackElo "2453"]
[PlyCount "96"]

1. d4 c5 2. e4 cxd4 3. Nf3 a6 4. Bc4 Qc7 5. Bb3 Nc6 6. Nxd4
Nf6 7. Nc3 e6 8. Be3 b5 9. f3 Nxd4 10. Bxd4 Bd6 11. Qe2 Be5
12. O-O-O d6 13. Rhf1 Bxh2 14. f4 e5 15. Nd5 Nxd5 16. Bxd5 Bb7
17. fxe5 Bxd5 18. exd5 dxe5 19. Rde1 O-O 20. Bxe5 Bxe5
21. Qxe5 Qc5 22. d6 Qc6 23. Rd1 Rad8 24. Qd5 Qd7 25. Rfe1 Rfe8
26. Re7 Qxe7 27. dxe7 Rxd5 28. Rxd5 f6 29. Rd6 Rxe7 30. Rxa6
Re2 31. Rb6 h5 32. Rxb5 h4 33. Rb4 g5 34. Rg4 Kf7 35. b4 Ke6
36. b5 Kd6 37. Rc4 f5 38. b6 Re1+ 39. Kb2 Re8 40. a4 Ra8
41. Kb3 g4 42. Kb4 h3 43. gxh3 g3 44. Rh4 Rg8 45. Rh6+ Kd7
46. Rh7+ Kc6 47. a5 g2 48. Rc7+ Kd6 0-1

[Event "FSGM November"]
[Site "Budapest HUN"]
[Date "2005.11.13"]
[EventDate "2005.11.05"]
[Round "9"]
[Result "1/2-1/2"]
[White "Ido Porat"]
[Black "Iweta Radziewicz Rajlich"]
[WhiteElo "2328"]
[BlackElo "2453"]
[PlyCount "141"]

1. d4 e6 2. Nf3 c5 3. c3 d5 4. Bg5 f6 5. Bf4 Nc6 6. e3 Nge7
7. Bd3 Ng6 8. Bg3 Bd6 9. Qc2 f5 10. Bxd6 Qxd6 11. Nbd2 O-O
12. g3 b6 13. O-O Bb7 14. Rfe1 e5 15. dxe5 Ncxe5 16. Nxe5 Nxe5
17. Bf1 g5 18. f4 Ng4 19. Bg2 Rae8 20. Qd3 Qe6 21. Nf3 h6
22. Re2 Qe4 23. Qd2 Qe7 24. h3 Nf6 25. Ne5 Qc7 26. Rd1 Rxe5
27. fxe5 Qxe5 28. Qe1 Ne4 29. Kh2 h5 30. Bxe4 Qxe4 31. Qh1 Qe5
32. Qf3 h4 33. c4 Qxg3+ 34. Qxg3 hxg3+ 35. Kxg3 Ba6 36. Red2
f4+ 37. exf4 gxf4+ 38. Kf2 d4 39. Rg1+ Kf7 40. Rg4 Ke6
41. Re2+ Kf5 42. b3 Rf7 43. a4 Bb7 44. Re8 Be4 45. Rgg8 Bc2
46. Rgf8 Rxf8 47. Rxf8+ Kg5 48. Rg8+ Kf5 49. Rf8+ Kg5 50. Rf7
Bxb3 51. Rxa7 Bxc4 52. Rb7 d3 53. Rxb6 d2 54. Rd6 Bb3 55. Rxd2
Bxa4 56. Kg2 Bc6+ 57. Kh2 Be4 58. Rd8 c4 59. Rc8 Bd3 60. Rc5+
Kh4 61. Rd5 Be2 62. Rd4 Kg5 63. Rd5+ Kh4 64. Rc5 f3 65. Kg1
Kg3 66. Rg5+ Kf4 67. Rg8 Ke3 68. Re8+ Kd2 69. Kf2 c3 70. Rd8+
Bd3 71. Kxf3 1/2-1/2

[Event "FSGM November"]
[Site "Budapest HUN"]
[Date "2005.11.15"]
[EventDate "2005.11.05"]
[Round "11"]
[Result "1/2-1/2"]
[White "Gyula Pap"]
[Black "Iweta Radziewicz Rajlich"]
[WhiteElo "2384"]
[BlackElo "2453"]
[PlyCount "126"]

1. d4 c5 2. d5 d6 3. e4 a6 4. a4 g6 5. Nf3 Bg7 6. Nc3 Nf6
7. Be2 O-O 8. O-O Nbd7 9. a5 b5 10. axb6 Nxb6 11. Nd2 Ne8
12. Nb3 Nc7 13. Na5 Bd7 14. Be3 Nb5 15. Qd2 Nxc3 16. bxc3 Na4
17. Nc6 Bxc6 18. dxc6 Nxc3 19. Rxa6 Qc7 20. Rxa8 Rxa8 21. Bf3
Be5 22. Bf4 Bxf4 23. Qxc3 Be5 24. Qb3 Qxc6 25. Be2 Rd8 26. Bc4
e6 27. Qd3 Qb6 28. Kh1 Bd4 29. c3 Bg7 30. f4 Qa5 31. f5 gxf5
32. exf5 Qxc3 33. fxe6 Qxd3 34. exf7+ Kf8 35. Bxd3 h6 36. g4
Ke7 37. Kg2 Rb8 38. Bc4 Rb4 39. Re1+ Be5 40. Re4 Rb2+ 41. Re2
Rxe2+ 42. Bxe2 Kxf7 43. Bc4+ Kf6 44. Kf3 Bxh2 45. Ke4 Kg5
46. Kf3 Be5 47. Bd5 Bd4 48. Bc4 Kh4 49. Be6 Bf6 50. Bd5 Kh3
51. Be6 Kh2 52. Bc4 Bc3 53. Be6 Kg1 54. Ke4 Kf2 55. Kd5 Kf3
56. Kc4 Be5 57. Bd7 Ke3 58. Bc6 Bh2 59. Bb7 Kf4 60. Bc8 Bg1
61. Bd7 Ke5 62. Bc6 Ke6 63. Bd5+ Kf6 1/2-1/2

[Event "FSGM November"]
[Site "Budapest HUN"]
[Date "2005.11.16"]
[EventDate "2005.11.05"]
[Round "12"]
[Result "0-1"]
[White "Iweta Radziewicz Rajlich"]
[Black "Peter Prohaszka"]
[WhiteElo "2453"]
[BlackElo "2070"]
[PlyCount "134"]

1. e4 c6 2. d4 d5 3. e5 Bf5 4. Nf3 e6 5. a3 Nd7 6. Be2 h6
7. O-O Qc7 8. b3 g5 9. c4 f6 10. cxd5 cxd5 11. Bb2 Bg7 12. Nc3
a6 13. Rc1 Qb8 14. Na4 Ne7 15. exf6 Bxf6 16. Ne5 Bxe5 17. Bh5+
Bg6 18. dxe5 O-O 19. f4 Qa7+ 20. Kh1 b5 21. Nc3 Rxf4 22. Rxf4
gxf4 23. Qg4 Nf8 24. Ne2 Kh7 25. Bd4 Qd7 26. Nxf4 Bf5 27. Qh4
Nfg6 28. Nxg6 Bxg6 29. g4 Rg8 30. Qf6 Bxh5 31. gxh5 Nf5
32. Bb6 Rg7 33. Rc7 Qe8 34. Qg6+ Qxg6 35. hxg6+ Kxg6 36. Rc6
Kh5 37. Bf2 d4 38. Rc1 Kg6 39. Kg2 Rd7 40. Kf3 d3 41. Rg1+ Kf7
42. a4 bxa4 43. bxa4 d2 44. Ke2 Nd4+ 45. Bxd4 Rxd4 46. Rf1+
Ke7 47. Kd1 Rxa4 48. Kxd2 Re4 49. Ra1 Rxe5 50. Rxa6 Rh5
51. Ke3 Rxh2 52. Kf4 Rh4+ 53. Kg3 Rd4 54. Ra1 Rd5 55. Kh4 Kf6
56. Rf1+ Rf5 57. Re1 Rf4+ 58. Kh5 e5 59. Rh1 e4 60. Re1 Kf5
61. Kxh6 Rf2 62. Kg7 Kf4 63. Kf6 e3 64. Ra1 e2 65. Ra4+ Kg3+
66. Kg5 e1=Q 67. Rg4+ Kf3 0-1

[Event "First Saturday December"]
[Site "Budapest HUN"]
[Date "2005.12.12"]
[EventDate "2005.12.03"]
[Round "10"]
[Result "1/2-1/2"]
[White "Iweta Radziewicz Rajlich"]
[Black "Zlatko Ilincic"]
[WhiteElo "2453"]
[BlackElo "2540"]
[PlyCount "147"]

1. d4 Nf6 2. c4 e6 3. Nc3 Bb4 4. Qc2 c5 5. dxc5 a6 6. Nf3 Qc7
7. g3 Bxc5 8. Bf4 d6 9. O-O-O h6 10. Qd2 e5 11. Nxe5 g5
12. Nd3 gxf4 13. Qxf4 Qe7 14. Nxc5 dxc5 15. Rd6 Be6 16. Bg2
Nfd7 17. Bxb7 Ra7 18. Bd5 Qg5 19. Bxe6 Qxf4+ 20. gxf4 fxe6
21. Rxe6+ Kf7 22. f5 Nf6 23. e4 Re7 24. Rxe7+ Kxe7 25. e5 Ng4
26. Nd5+ Kf8 27. e6 Nxf2 28. Rf1 Nd3+ 29. Kc2 Ne5 30. f6 Nbc6
31. Kc3 Rg8 32. Nc7 a5 33. e7+ Nxe7 34. fxe7+ Kxe7 35. Nd5+
Kd8 36. Rd1 Rf8 37. Nf4+ Ke7 38. Re1 Rxf4 39. Rxe5+ Kd6
40. Rh5 Rf3+ 41. Kc2 a4 42. Rxh6+ Ke5 43. Rh5+ Kd4 44. Rh4+
Ke5 45. a3 Rf2+ 46. Kb1 Rf1+ 47. Ka2 Rf2 48. Rh8 Kd4 49. h4
Kxc4 50. h5 Rh2 51. h6 Rh1 52. Rh7 Rh2 53. Rh8 Rh1 54. h7 Rh2
55. Kb1 Rh1+ 56. Kc2 Rh2+ 57. Kc1 Rh1+ 58. Kd2 Rh2+ 59. Ke3
Rh3+ 60. Ke4 Rh1 61. Ke5 Rh6 62. Kf5 Rh1 63. Ke6 Rh2 64. Kd6
Rh3 65. Kc6 Rh6+ 66. Kc7 Rh2 67. Kd6 Rh6+ 68. Ke5 Rh1 69. Ke4
Re1+ 70. Kf5 Rf1+ 71. Ke6 Re1+ 72. Kd6 Rh1 73. Kc7 Rh2 74. Kd7
1/2-1/2

[Event "First Saturday GMB December"]
[Site "Budapest"]
[Date "2005.12.15"]
[EventDate "2005.12.05"]
[Round "11"]
[Result "0-1"]
[White "Irina Slavina Turova"]
[Black "Iweta Radziewicz Rajlich"]
[WhiteElo "2385"]
[BlackElo "2453"]
[PlyCount "76"]

1. e4 e6 2. d4 d5 3. exd5 exd5 4. Nf3 Nc6 5. Bb5 Bd6 6. c4
dxc4 7. d5 a6 8. Ba4 b5 9. dxc6 bxa4 10. O-O Ne7 11. Qxa4 Rb8
12. a3 O-O 13. Nbd2 Rb5 14. Nxc4 Nxc6 15. Bg5 Qd7 16. Rad1 Qg4
17. h3 Qxf3 18. gxf3 Rxg5+ 19. Kh1 Bxh3 20. Nxd6 Bg2+ 21. Kg1
Ne5 22. Rd3 Bh3+ 23. Kh1 Bxf1 24. f4 Rh5+ 25. Kg1 Bxd3 26. Qd1
Bg6 27. fxe5 cxd6 28. exd6 Rb5 29. b4 Rd8 30. Qe2 Rd5 31. Qxa6
R5xd6 32. Qb7 h6 33. a4 Rd1+ 34. Kh2 R8d5 35. a5 Rh5+ 36. Kg3
Rg5+ 37. Kf3 Rd3+ 38. Ke2 Re5+ 0-1

[Event "5th Amplico AIG Life"]
[Site "Warsaw POL"]
[Date "2005.12.17"]
[EventDate "2005.12.17"]
[Round "7"]
[Result "1/2-1/2"]
[White "Iweta Radziewicz Rajlich"]
[Black "Sarunas Sulskis"]
[WhiteElo "2453"]
[BlackElo "2504"]
[PlyCount "49"]

1. d4 Nf6 2. c4 e6 3. Nc3 Bb4 4. Qc2 O-O 5. a3 Bxc3+ 6. Qxc3
Ne4 7. Qc2 f5 8. Nh3 e5 9. e3 d6 10. c5 a5 11. dxe5 dxe5
12. Bc4+ Kh8 13. f3 Nf6 14. O-O Qe7 15. Bd2 Be6 16. Bxe6 Qxe6
17. Ng5 Qd7 18. Bc3 Nc6 19. Rad1 Qc8 20. Qb3 a4 21. Nf7+ Kg8
22. Nh6+ Kh8 23. Nf7+ Kg8 24. Nh6+ Kh8 25. Nf7+ 1/2-1/2

[Event "5th Amplico AIG Life"]
[Site "Warsaw POL"]
[Date "2005.12.18"]
[EventDate "2005.12.17"]
[Round "12"]
[Result "1-0"]
[White "Sergey Fedorchuk"]
[Black "Iweta Radziewicz Rajlich"]
[WhiteElo "2564"]
[BlackElo "2453"]
[PlyCount "61"]

1. e4 e6 2. d4 d5 3. Nd2 Nf6 4. e5 Nfd7 5. Ngf3 c5 6. c3 Nc6
7. Bd3 g6 8. h4 Qb6 9. h5 g5 10. Nxg5 cxd4 11. cxd4 Qxd4
12. Ndf3 Qb4+ 13. Bd2 Qxb2 14. Rb1 Qa3 15. Rb3 Qe7 16. Bxh7
Ndxe5 17. Nxe5 Nxe5 18. f4 Nc4 19. Bc3 e5 20. Qxd5 Rxh7
21. Bb4 Qc7 22. Nxh7 Bxb4+ 23. Rxb4 Be6 24. Qxb7 Qd8 25. Qc6+
Bd7 26. Nf6+ Ke7 27. Qxd7+ Qxd7 28. Nxd7 Ne3 29. Rb7 Nxg2+
30. Kf2 Nxf4 31. Nb6+ 1-0

[Event "FSGM February"]
[Site "Budapest HUN"]
[Date "2006.02.09"]
[EventDate "?"]
[Round "6"]
[Result "0-1"]
[White "Miklos Nemeth"]
[Black "Iweta Radziewicz Rajlich"]
[WhiteElo "2378"]
[BlackElo "2421"]
[PlyCount "120"]

1. e4 e6 2. d4 d5 3. Nd2 c5 4. exd5 Qxd5 5. Ngf3 cxd4 6. Bc4
Qd6 7. Qe2 Nf6 8. Nb3 Nc6 9. Bg5 Qb4+ 10. Bd2 Qb6 11. O-O-O
Bd7 12. Bg5 h6 13. Bh4 Bc5 14. Bg3 O-O 15. Ne5 Rfd8 16. Rhe1
Rac8 17. Kb1 Bb4 18. Rf1 a5 19. Nxc6 Bxc6 20. Be5 a4 21. Bxd4
Rxd4 22. Nxd4 Bc3 23. Nb5 Bxb5 24. Bxb5 Rc5 25. bxc3 Nd5
26. Rxd5 exd5 27. Kc1 Rxb5 28. Kd2 d4 29. Qe8+ Kh7 30. Qe4+ f5
31. Qxd4 Qc6 32. c4 Rc5 33. g4 Rxc4 34. Qd3 Rc5 35. Kc1 Rd5
36. Qf3 Qc4 37. Rd1 Rc5 38. Qd3 Qxg4 39. Qd4 Qg5+ 40. f4 Qe7
41. Qxa4 Qe3+ 42. Kb1 Qe2 43. Rd3 Qxh2 44. Rd7 Qh1+ 45. Kb2
Qc6 46. Qxc6 bxc6 47. a4 Rc4 48. Kb3 Rxf4 49. Rc7 h5 50. Rxc6
h4 51. Rc3 Re4 52. a5 g5 53. a6 Re7 54. Kb4 g4 55. Ra3 Ra7
56. Kb5 h3 57. Ra1 h2 58. Kb6 Rxa6+ 59. Kxa6 g3 60. Rh1 Kg6
0-1

[Event "FSGM February"]
[Site "Budapest HUN"]
[Date "2006.02.10"]
[EventDate "?"]
[Round "7"]
[Result "1-0"]
[White "Iweta Radziewicz Rajlich"]
[Black "Andrei Murariu"]
[WhiteElo "2421"]
[BlackElo "2461"]
[PlyCount "75"]

1. d4 d5 2. c4 c6 3. Nc3 Nf6 4. e3 a6 5. Nf3 b5 6. b3 Bg4
7. Be2 Nbd7 8. h3 Bh5 9. g4 Bg6 10. Ne5 Nxe5 11. dxe5 Ne4
12. Nxe4 Bxe4 13. f3 Bg6 14. cxd5 cxd5 15. e6 Qd6 16. a4 b4
17. Qd4 Qxe6 18. Bb2 Qd6 19. Rc1 e6 20. h4 f6 21. a5 Be7
22. h5 Bf7 23. h6 g5 24. Qb6 Qg3+ 25. Kd2 O-O 26. Rcg1 Qb8
27. Qxb8 Rfxb8 28. Rc1 e5 29. Rc6 Be8 30. Rc7 Bf8 31. Bd3 Bg6
32. Bxg6 hxg6 33. Rc6 Be7 34. h7+ Kh8 35. Re6 Bf8 36. Rxf6 Bg7
37. Rxg6 Re8 38. Rxg7 1-0

[Event "FSGM February"]
[Site "Budapest HUN"]
[Date "2006.02.11"]
[EventDate "2006.02.04"]
[Round "8"]
[Result "1/2-1/2"]
[White "Levente Vajda"]
[Black "Iweta Radziewicz Rajlich"]
[WhiteElo "2526"]
[BlackElo "2421"]
[PlyCount "28"]

1. Nf3 c5 2. g3 Nc6 3. Bg2 g6 4. O-O Bg7 5. e4 d6 6. d3 e6
7. c3 Nge7 8. Re1 O-O 9. a4 b6 10. Na3 Bb7 11. Rb1 h6 12. Bd2
Qd7 13. b4 cxb4 14. cxb4 Ne5 1/2-1/2

[Event "FSGM February"]
[Site "Budapest HUN"]
[Date "2006.02.15"]
[EventDate "2006.02.04"]
[Round "12"]
[Result "0-1"]
[White "Iweta Radziewicz Rajlich"]
[Black "Attila Jakab"]
[WhiteElo "2421"]
[BlackElo "2412"]
[PlyCount "108"]

1. e4 c5 2. Nf3 g6 3. d4 Bg7 4. dxc5 Qa5+ 5. c3 Qxc5 6. Na3
Nf6 7. e5 Ng4 8. Qd4 Qxd4 9. cxd4 O-O 10. h3 Nh6 11. Nb5 Nc6
12. Nc7 Rb8 13. d5 Nb4 14. Kd1 d6 15. Bd2 Na6 16. Nxa6 bxa6
17. Bc3 dxe5 18. Bc4 Bb7 19. Ke2 Rbc8 20. Bb3 e4 21. Ng5 Bxc3
22. bxc3 a5 23. Rhd1 a4 24. Bxa4 Rxc3 25. Bb3 e3 26. Ne4 Ba6+
27. Kf3 e2+ 28. Nxc3 exd1=Q 29. Nxd1 Nf5 30. Rc1 Nd4+ 31. Ke4
Nxb3 32. axb3 Rb8 33. Rc7 Rb4+ 34. Ke5 Kf8 35. Rc6 f6+ 36. Ke6
Bb7 37. Rc4 Ke8 38. d6 Rb6 39. Rd4 Bc8+ 40. Kd5 Rxd6+ 41. Kc5
Rb6 42. Rb4 Re6 43. Rb8 Kd7 44. Ra8 Rc6+ 45. Kb4 Rb6+ 46. Kc5
Rc6+ 47. Kb4 Ra6 48. Kb5 Ra1 49. Ne3 Kc7 50. Nc2 Ra2 51. Nb4
Ra3 52. Nc2 Rxb3+ 53. Kc4 Rb2 54. Kc3 Rxc2+ 0-1

[Event "First Saturday July"]
[Site "Budapest HUN"]
[Date "2006.07.02"]
[EventDate "2006.07.01"]
[Round "2"]
[Result "1-0"]
[White "Nicolai Vesterbaek Pedersen"]
[Black "Iweta Radziewicz Rajlich"]
[WhiteElo "2513"]
[BlackElo "2425"]
[PlyCount "75"]

1. e4 e6 2. d4 d5 3. Nc3 Bb4 4. exd5 exd5 5. Bd3 Be6 6. a3
Bxc3+ 7. bxc3 Nc6 8. Qf3 Qd7 9. Ne2 O-O-O 10. O-O Nge7 11. Ng3
h5 12. h3 h4 13. Nh5 Rdg8 14. Nf4 g5 15. Nxe6 Qxe6 16. Bd2 f5
17. Rae1 Qd7 18. Qe3 Rh6 19. Kh1 Rf6 20. Qf3 Qd6 21. Qh5 f4
22. Qg4+ Kb8 23. a4 a6 24. Re2 Ka7 25. Rfe1 Qa3 26. Kh2 Qd6
27. Re5 f3 28. Bxg5 fxg2 29. f4 Rf7 30. R5e3 Ng6 31. Re6 Rxf4
32. Bxf4 Qxf4+ 33. Qxf4 Nxf4 34. R6e3 Rg7 35. Rg1 Nd8 36. Be2
Nde6 37. Bf3 Ng5 38. Bxg2 1-0

[Event "First Saturday July"]
[Site "Budapest HUN"]
[Date "2006.07.03"]
[EventDate "2006.07.01"]
[Round "3"]
[Result "0-1"]
[White "Iweta Radziewicz Rajlich"]
[Black "Dimo Werner"]
[WhiteElo "2425"]
[BlackElo "2315"]
[PlyCount "170"]

1. e4 c5 2. d4 cxd4 3. c3 Nf6 4. e5 Nd5 5. Bc4 Nb6 6. Bb3 Nc6
7. Nf3 d5 8. exd6 Qxd6 9. O-O Be6 10. cxd4 Bxb3 11. Qxb3 e6
12. Nc3 Be7 13. Nb5 Qd7 14. Nxa7 Nxa7 15. Qxb6 Nb5 16. d5 Qxd5
17. Bf4 Ra6 18. Qe3 Bc5 19. Qe5 Qxe5 20. Bxe5 O-O 21. a4 Nd6
22. Rac1 Ne4 23. Rc4 f5 24. b4 Bd6 25. b5 Raa8 26. Rd1 Bc5
27. Kf1 Rfd8 28. Rxd8+ Rxd8 29. a5 Rd5 30. a6 bxa6 31. bxa6
Rd7 32. Rc2 Ra7 33. Ra2 Ra8 34. Nd4 Kf7 35. Nb5 Bb6 36. a7 Nf6
37. Bc7 Bc5 38. Bb8 Nd7 39. Nc7 Rxb8 40. axb8=Q Nxb8 41. Rb2
Nd7 42. Rb7 Be7 43. Na6 Ne5 44. Nb8 g5 45. h4 gxh4 46. f4 Ng6
47. Nc6 Kf6 48. Nxe7 Nxe7 49. Kf2 h6 50. Kf3 Nd5 51. Rb1 Ne7
52. Rh1 Ng6 53. Ra1 Ne7 54. Ra4 Nd5 55. Kf2 Kg6 56. Rc4 Kf6
57. Kg1 Ne3 58. Ra4 Ng4 59. Ra6 Kf7 60. Rb6 Kf6 61. Rc6 Kf7
62. Ra6 Kf6 63. Kf1 Ne3+ 64. Kf2 Nd5 65. Kf3 Ne7 66. Ra1 Ng6
67. Ke3 Kf7 68. Ra4 Ne7 69. Kd4 Kf6 70. Ra1 Nd5 71. Rh1 Nxf4
72. Rxh4 e5+ 73. Kc3 Kg5 74. Rh1 h5 75. Re1 e4 76. g3 Ne6
77. Kc4 Kg4 78. Kd5 Ng5 79. Rh1 Nf3 80. Kc4 Kxg3 81. Rxh5 f4
82. Ra5 e3 83. Kd3 Ng1 84. Ke4 e2 85. Ra3+ Kf2 0-1